| 000 | 00902nam a22002775i 4500 | ||
|---|---|---|---|
| 999 |
_c23899 _d23871 |
||
| 003 | EG-ScBUE | ||
| 005 | 20200203145117.0 | ||
| 008 | 170112t2014 gw f b 000 0 eng d | ||
| 020 | _a9783639708103 | ||
| 040 |
_aEG-ScBUE _beng _erda _cEG-ScBUE _dEG-ScBUE |
||
| 082 | 0 | 4 |
_a809.8920691 _bHAD _222 |
| 100 | 1 |
_aHadary, Hoda, _eauthor. |
|
| 245 | 1 | 0 |
_aExile and identity : _ban interdisciplinary approach / _cHoda Elhadary. |
| 264 | 1 |
_aSaarbrücken, Deutschland : _bScholars' Press, _c[2014] |
|
| 264 | 4 | _cc2014 | |
| 300 |
_a224 pages ; _c22 cm |
||
| 336 |
_atext _btxt _2rdacontent |
||
| 337 |
_aunmediated _bn _2rdamedia |
||
| 338 |
_avolume _bnc _2rdacarrier |
||
| 504 | _aIncludes bibliographical references. | ||
| 650 | 7 |
_aExiles' writings _xHistory and criticism. _2BUEsh |
|
| 650 | 7 |
_aExiles in literature. _2BUEsh |
|
| 651 | _2BUEsh | ||
| 653 |
_bHHUUEENN _bGGEN _cJanuary2017 |
||
| 942 |
_2ddc _cBB |
||